| 000 | 00757nam a2200205 a 4500 | ||
|---|---|---|---|
| 001 | 000033943 | ||
| 005 | 20200930070638.0 | ||
| 008 | 110914s2009 ag 000 0 spa d | ||
| 020 | _a9789871133703 | ||
| 020 | _a9789871133710 | ||
| 040 |
_aDO-SdBNP _bspa _cBNPHU |
||
| 100 | 1 |
_aScalabrini Ortíz, Raúl, _d1898-1959 _959395 |
|
| 245 | 1 | 0 |
_aObras completas / _cRaúl Scalabrini ortíz. |
| 260 |
_aArgentina : _bEditorial Fundación Ross, _c2009. |
||
| 300 |
_a527, 303 p. ; _c22 cm. |
||
| 490 | 1 |
_aBiblioteca popular _aDocumentos |
|
| 505 | 0 |
_tPolítica británica en el Río de la Plata -- _tLos ferrocarriles deben ser del pueblo argentino -- _tHistoria de los ferrocarriles argentinos |
|
| 830 | 0 |
_aBiblioteca Popular _pDocumentos _959396 |
|
| 049 | _aBNPD | ||
| 999 |
_c33434 _d33434 |
||